Statistics for Alien Franchise- all films

Click here to take the quiz!

General Stats

  • This quiz has been taken 35 times
  • The average score is 7 of 8

Answer Stats

HintAnswer% Correct
1979Alien
100%
1992Alien3
100%
1986Aliens
100%
2012Prometheus
93%
1997Alien resurrection
89%
2017Alien covenant
86%
2004Alien vs predator
79%
2007Alien vs predator: requiem
64%

Score Distribution

Percentile by Number Answered

Percent of People with Each Score

Your Score History

You have not taken this quiz